[Event "90416 9th Rakosmente Open"]
[Site "?"]
[Date "2014.01.24"]
[Round "1.1"]
[White "Sulcz, Istvan"]
[Black "Orosz, Andras"]
[Result "0-1"]
[WhiteElo "1906"]
[BlackElo "2171"]
[PlyCount "40"]
[EventDate "2014.??.??"]

1. d4 Nf6 2. Nf3 e6 3. c4 d5 4. g3 Be7 5. Bg2 O-O 6. O-O dxc4 7. Ne5 Nc6 8.
Bxc6 bxc6 9. Nxc6 Qe8 10. Nxe7+ Qxe7 11. Qa4 e5 12. Qxc4 exd4 13. Qxd4 Qxe2 14.
Nc3 Qf3 15. Qf4 Qb7 16. Re1 Bh3 17. Ne4 Rae8 18. f3 Nd5 19. Qh4 Qb6+ 20. Kh1
Qf2 0-1

[Event "90416 9th Rakosmente Open"]
[Site "?"]
[Date "2014.01.24"]
[Round "1.2"]
[White "Kovacs, Marton"]
[Black "Toth-Katona, Tamas"]
[Result "1-0"]
[WhiteElo "2145"]
[BlackElo "1897"]
[PlyCount "59"]
[EventDate "2014.??.??"]

1. d4 Nf6 2. Nf3 e6 3. Bf4 Be7 4. e3 b6 5. Bd3 Bb7 6. O-O O-O 7. h3 Ne4 8. c4
f5 9. Nc3 Na6 10. Rc1 Nb4 11. Bb1 g5 12. Bh2 Na6 13. a3 Rf7 14. b4 Nxc3 15.
Rxc3 d6 16. Qe2 Qf8 17. c5 Nb8 18. Ba2 Bc8 19. cxb6 cxb6 20. Rfc1 Bd7 21. Rc7
Qh6 22. h4 gxh4 23. d5 e5 24. Bxe5 dxe5 25. Nxe5 Bd6 26. Nxf7 Kxf7 27. Qf3 Qf6
28. Qh5+ Kg7 29. R7c4 Be8 30. Qxe8 1-0

[Event "90416 9th Rakosmente Open"]
[Site "?"]
[Date "2014.01.24"]
[Round "1.3"]
[White "Horvath, Csaba"]
[Black "Kis, Bela"]
[Result "0-1"]
[WhiteElo "1869"]
[BlackElo "2129"]
[PlyCount "46"]
[EventDate "2014.??.??"]

1. e4 d6 2. d4 Nf6 3. Nc3 g6 4. Be3 Bg7 5. Nf3 Bg4 6. Be2 O-O 7. Qd2 c6 8. a4
a5 9. O-O Na6 10. Bh6 Bxh6 11. Qxh6 Bxf3 12. Bxf3 e5 13. Ne2 Re8 14. Ra3 exd4
15. Nxd4 Nc5 16. g4 Nfxe4 17. Bxe4 Nxe4 18. Nf5 gxf5 19. gxf5 Kh8 20. f4 Rg8+
21. Kh1 Qb6 22. Raf3 Qxb2 23. Rh3 Nf2+ 0-1

[Event "90416 9th Rakosmente Open"]
[Site "?"]
[Date "2014.01.24"]
[Round "1.4"]
[White "Juhasz, Bela"]
[Black "Ladanyi, Gyula"]
[Result "1-0"]
[WhiteElo "2115"]
[BlackElo "1852"]
[PlyCount "78"]
[EventDate "2014.??.??"]

1. d4 d5 2. Nf3 Nf6 3. c4 e6 4. Nc3 Be7 5. Bg5 Nbd7 6. e3 O-O 7. Rc1 h6 8. Bh4
a6 9. c5 c6 10. Bd3 b6 11. b4 a5 12. a3 axb4 13. axb4 b5 14. O-O Ne8 15. Bxe7
Qxe7 16. e4 dxe4 17. Bxe4 Bb7 18. Re1 Nef6 19. Ne5 Nxe5 20. dxe5 Nd5 21. Qd4
Rfd8 22. Bf3 Ra3 23. Ne4 Nf4 24. Nd6 Rxf3 25. Qe4 Nd3 26. Qxf3 Nxc1 27. Rxc1
Ra8 28. Qc3 Ra4 29. Ra1 Ba6 30. f4 f6 31. Re1 f5 32. g4 Qh4 33. gxf5 Qxf4 34.
Rf1 Qg4+ 35. Qg3 Qd4+ 36. Kg2 Rxb4 37. f6 g5 38. f7+ Kf8 39. Rf6 Rb2+ 1-0

[Event "90416 9th Rakosmente Open"]
[Site "?"]
[Date "2014.01.24"]
[Round "1.5"]
[White "Szoukup, Istvan"]
[Black "Suranyi, Pal"]
[Result "0-1"]
[WhiteElo "1835"]
[BlackElo "2115"]
[PlyCount "118"]
[EventDate "2014.??.??"]

1. d4 Nf6 2. c4 e6 3. Nc3 c5 4. d5 exd5 5. cxd5 d6 6. g3 g6 7. Bg2 Bg7 8. Nf3
a6 9. a4 O-O 10. O-O Nbd7 11. Bg5 Re8 12. Qd2 Rb8 13. a5 b5 14. axb6 Qxb6 15.
Rfb1 Qc7 16. Bh6 Bh8 17. Qf4 Rb4 18. Qd2 Nb6 19. Na2 Ne4 20. Qc1 Rc4 21. Qd1
Na4 22. b3 Nac3 23. Nxc3 Nxc3 24. Qd3 Nxe2+ 25. Kh1 Rc3 26. Qd2 Bg4 27. Be3
Rcxe3 28. fxe3 Nc3 29. Re1 Ne4 30. Qa2 Bxa1 31. Rxa1 Qb7 32. Qa4 Bd7 33. Qxa6
Qxb3 34. Re1 Qxd5 35. Qa7 Qe6 36. Rb1 Nf2+ 37. Kg1 Qxe3 38. Qa2 Nd3+ 39. Kh1
Bc6 40. Rf1 Nb4 41. Qb2 Bxf3 42. Rxf3 Qe5 43. Qf2 Qe1+ 44. Bf1 Qxf2 45. Rxf2 d5
46. Bb5 Re7 47. Kg2 d4 48. Bc4 Kg7 49. Rd2 f5 50. Kf2 Kf6 51. Rd1 Ra7 52. Rd2
Nc6 53. Re2 Ne5 54. Bd5 c4 55. Rb2 Nd3+ 56. Ke2 Nxb2 57. Bxc4 Nxc4 58. Kd3 Nd6
59. Kd2 Ra3 0-1

[Event "90416 9th Rakosmente Open"]
[Site "?"]
[Date "2014.01.24"]
[Round "1.6"]
[White "Keszi, Janos"]
[Black "Karacsonyi, Gellert"]
[Result "1-0"]
[WhiteElo "2091"]
[BlackElo "1824"]
[PlyCount "53"]
[EventDate "2014.??.??"]

1. d4 f5 2. c4 Nf6 3. Nc3 g6 4. g3 Bg7 5. Bg2 O-O 6. Bg5 d6 7. e3 Qe8 8. Bxf6
Bxf6 9. Nd5 Na6 10. b4 c6 11. Nxf6+ Rxf6 12. Qb3 e5 13. dxe5 dxe5 14. c5+ Be6
15. Qc3 Bd5 16. f3 Rd8 17. Ne2 b6 18. cxb6 axb6 19. O-O c5 20. a3 Qb5 21. Nf4
Rff8 22. Qxe5 Rfe8 23. Qf6 cxb4 24. axb4 Nxb4 25. Nxg6 hxg6 26. Qxg6+ Kh8 27.
Ra7 1-0

[Event "90416 9th Rakosmente Open"]
[Site "?"]
[Date "2014.01.24"]
[Round "1.7"]
[White "Abraham, Lajos"]
[Black "Yip, Michael"]
[Result "0-1"]
[WhiteElo "1795"]
[BlackElo "2000"]
[PlyCount "80"]
[EventDate "2014.??.??"]

1. d4 Nf6 2. c4 g6 3. Nc3 d5 4. Bg5 Ne4 5. Nxe4 dxe4 6. e3 Bg7 7. Qc2 Bf5 8. h3
h6 9. Bf4 c5 10. Be5 Bxe5 11. dxe5 Qa5+ 12. Qc3 Qxc3+ 13. bxc3 Nc6 14. f4 exf3
15. Nxf3 O-O-O 16. Be2 Be4 17. Nd2 Bf5 18. Nf3 g5 19. O-O e6 20. a4 Rd7 21. Kf2
Rhd8 22. Ra2 b6 23. Rc1 Kc7 24. Ke1 Be4 25. Rb2 Bxf3 26. gxf3 Nxe5 27. a5 Rd6
28. axb6+ axb6 29. Rcb1 Ra8 30. f4 Ng6 31. fxg5 hxg5 32. Bh5 Ne5 33. Be2 Rh8
34. Bf1 Rh4 35. Ra2 Nxc4 36. Ra7+ Kb8 37. Rxf7 Nxe3 38. Rg7 Rf4 39. Ke2 Nxf1
40. Ra1 Ng3+ 0-1

[Event "90416 9th Rakosmente Open"]
[Site "?"]
[Date "2014.01.24"]
[Round "1.8"]
[White "Polyik, Peter"]
[Black "Czimer, Jozsef"]
[Result "1-0"]
[WhiteElo "1937"]
[BlackElo "1728"]
[PlyCount "87"]
[EventDate "2014.??.??"]
[SourceDate "2014.01.25"]

1. d4 g6 2. c4 Bg7 3. e4 c5 4. d5 d6 5. Nc3 Nf6 6. Be2 O-O 7. Bg5 h6 8. Bf4 a6
9. a4 b6 10. h3 Ne8 11. Nf3 e5 12. dxe6 fxe6 13. Qd2 g5 14. Bh2 Ra7 15. O-O-O
Nc6 16. e5 Rxf3 17. Bxf3 Nd4 18. Kb1 dxe5 19. Rhe1 Nd6 20. Qd3 Nf7 21. Bh5 Qf6
22. Bxf7+ Qxf7 23. Bxe5 Nc6 24. Bxg7 Qxg7 25. Qe4 Nd4 26. Ne2 Bb7 27. Qd3 e5
28. Nxd4 cxd4 29. Qg3 Bc6 30. Qxe5 Qxe5 31. Rxe5 Bxg2 32. Rxd4 Bxh3 33. Rd6 Kg7
34. Rxb6 Rf7 35. Rxa6 Rxf2 36. Re7+ Kf8 37. Rb7 Rf7 38. Rxf7+ Kxf7 39. Rxh6
Bf5+ 40. Kc1 g4 41. Kd2 g3 42. Ke3 g2 43. Kf2 Be4 44. Rh2 1-0

[Event "90416 9th Rakosmente Open"]
[Site "?"]
[Date "2014.01.24"]
[Round "1.9"]
[White "Xiao Hu, Chen"]
[Black "Safar, Istvan"]
[Result "1/2-1/2"]
[WhiteElo "1456"]
[BlackElo "1713"]
[PlyCount "88"]
[EventDate "2014.??.??"]

1. e4 c5 2. Nf3 Nc6 3. d4 cxd4 4. Nxd4 d6 5. Nc3 Nf6 6. Bg5 e6 7. Bb5 Bd7 8.
O-O Be7 9. Kh1 O-O 10. f4 Ne8 11. Bxe7 Nxe7 12. Bd3 e5 13. Nde2 a6 14. Ng3 Nf6
15. Nh5 Ng4 16. Qf3 g6 17. Ng3 Nh6 18. f5 Kh8 19. fxg6 fxg6 20. Qe2 Qb6 21. Qd2
Nhg8 22. Bc4 Bb5 23. Bxb5 axb5 24. Nd5 Nxd5 25. Qxd5 Qc6 26. Rxf8 Rxf8 27. Rd1
Rf6 28. c3 Ne7 29. Qd2 Qc4 30. b3 Qf7 31. Kg1 Kg8 32. Qe2 Qe8 33. Rf1 Rxf1+ 34.
Nxf1 Qc6 35. Qd3 d5 36. exd5 Nxd5 37. Ne3 Nxc3 38. Qd8+ Kf7 39. Qh8 Qf6 40.
Qxh7+ Qg7 41. Qh3 Kg8 42. Qe6+ Kh7 43. Qh3+ Kg8 44. Qc8+ Kh7 1/2-1/2

[Event "90416 9th Rakosmente Open"]
[Site "?"]
[Date "2014.01.24"]
[Round "1.10"]
[White "Csermely, Zoltan"]
[Black "Csiki, Endre"]
[Result "0-1"]
[WhiteElo "1677"]
[BlackElo "1418"]
[PlyCount "85"]

1. Nf3 Nf6 2. c4 g6 3. Nc3 Bg7 4. e4 d6 5. d4 O-O 6. h3 c5 7. Be3 cxd4 8. Nxd4
Nc6 9. Nf3 Nd7 10. Rc1 Nde5 11. Nd2 a6 12. f4 Nd7 13. Nf3 Rb8 14. g4 e5 15.
Qxd6 exf4 16. Bxf4 Re8 17. Bd3 Nde5 18. Qxd8 Nxf3+ 19. Kf2 Rxd8 20. Bxb8 Nxb8
21. Kxf3 Rxd3+ 22. Ke2 Rd8 23. Rcd1 Re8 24. Kf3 Nc6 25. c5 Nd4+ 26. Kf2 Ne6 27.
c6 Bd4+ 28. Ke2 bxc6 29. Rhf1 c5 30. Nd5 Kg7 31. Kd3 a5 32. Kc2 Ba6 33. Rh1 Rb8
34. b3 Nd8 35. Nc7 Bb7 36. Kd3 Nc6 37. Kc4 Ne5+ 38. Kb5 Bxe4+ 39. Kxa5 Bxh1 40.
Rxh1 c4 41. Rd1 Bb6+ 42. Ka6 Bxc7 43. bxc4 0-1

[Event "90416 9th Rakosmente Open"]
[Site "?"]
[Date "2014.01.24"]
[Round "1.11"]
[White "Novak, Levente Peter"]
[Black "Kaloczi, Kristof"]
[Result "1/2-1/2"]
[WhiteElo "1410"]
[BlackElo "1624"]
[PlyCount "55"]

1. e4 c5 2. Nf3 e6 3. d4 cxd4 4. Nxd4 a6 5. f3 Qc7 6. Nc3 Nc6 7. Be3 Bb4 8. Qd2
Nge7 9. O-O-O Qa5 10. Nb3 Bxc3 11. Nxa5 Bxd2+ 12. Bxd2 b5 13. a3 Nxa5 14. Bxa5
Bb7 15. Bc3 f6 16. Rd6 Bc6 17. g4 O-O-O 18. Be2 Kb7 19. Rhd1 Nc8 20. R6d2 d5
21. e5 Rhf8 22. f4 fxe5 23. Bxe5 g6 24. g5 Nd6 25. Bg4 Rfe8 26. Re2 Nf5 27.
Rde1 Rc8 28. Bf6 1/2-1/2

[Event "90416 9th Rakosmente Open"]
[Site "?"]
[Date "2014.01.24"]
[Round "1.12"]
[White "Czumbel, Peter"]
[Black "Demeter, Dorina"]
[Result "1/2-1/2"]
[WhiteElo "1612"]
[BlackElo "1377"]
[PlyCount "98"]

1. Nf3 Nf6 2. g3 d5 3. Bg2 c6 4. d3 Bf5 5. Nbd2 e6 6. O-O Be7 7. Qe1 O-O 8. e4
dxe4 9. dxe4 Bg6 10. b3 Nbd7 11. Bb2 h6 12. Qe2 Qc7 13. Rad1 Nc5 14. Be5 Qc8
15. Ne1 Rd8 16. Nd3 Bh5 17. f3 Nxd3 18. cxd3 Nd7 19. Bb2 Qc7 20. Kh1 Bf6 21.
Bxf6 Nxf6 22. Nc4 b5 23. Ne3 Rd7 24. Rc1 Qb6 25. Rc3 Rc8 26. Rfc1 c5 27. b4
Rdc7 28. Qc2 Nd7 29. bxc5 Rxc5 30. Rxc5 Rxc5 31. Qd2 Rxc1+ 32. Qxc1 Kh7 33. g4
Bg6 34. h4 f6 35. Nf1 Ne5 36. Qc3 Qf2 37. h5 Bf7 38. d4 Nc4 39. a4 a6 40. axb5
axb5 41. Qb4 Qxd4 42. Qxb5 Ne3 43. Nxe3 Qxe3 44. Qb1 g6 45. hxg6+ Bxg6 46. Qb7+
Kg8 47. Qc8+ Kg7 48. Qxe6 Qe1+ 49. Kh2 Qh4+ 1/2-1/2

[Event "90416 9th Rakosmente Open"]
[Site "?"]
[Date "2014.01.24"]
[Round "1.13"]
[White "Karacsonyi, Kata"]
[Black "Gorog, Almos"]
[Result "0-1"]
[WhiteElo "1325"]
[BlackElo "1566"]
[PlyCount "52"]

1. e4 e6 2. d4 d5 3. exd5 exd5 4. Bd3 Bd6 5. Nf3 h6 6. O-O Ne7 7. Re1 O-O 8.
Nc3 c6 9. Be3 Nd7 10. Qd2 Nf6 11. h3 Bf5 12. Be2 b5 13. Bf4 Bxf4 14. Qxf4 Bxc2
15. Rac1 Bh7 16. Ne5 Ng6 17. Nxg6 Bxg6 18. Nd1 Rc8 19. Ne3 Ne4 20. Bf3 Qd6 21.
Qxd6 Nxd6 22. Bg4 f5 23. Bf3 Rfe8 24. g3 Ne4 25. Rc2 Ng5 26. Bg2 f4 0-1

[Event "90416 9th Rakosmente Open"]
[Site "Budapest, Hungary"]
[Date "2014.01.25"]
[Round "2.1"]
[White "Orosz, Andras"]
[Black "Keszi, Janos"]
[Result "0-1"]
[WhiteElo "2171"]
[BlackElo "2091"]
[PlyCount "90"]
[EventDate "2014.??.??"]

1. c4 c5 2. Nc3 Nf6 3. g3 Nc6 4. Bg2 g6 5. Nf3 Bg7 6. O-O O-O 7. d4 cxd4 8.
Nxd4 Nxd4 9. Qxd4 d6 10. Qd3 Bf5 11. e4 Be6 12. Bd2 Rb8 13. Rac1 a6 14. b3 Qd7
15. Rfe1 b5 16. cxb5 axb5 17. Bf1 b4 18. Nb5 Bh3 19. Be2 Ng4 20. Rc7 Ne5 21.
Qe3 Qe8 22. Na7 Bd7 23. Rec1 h5 24. Kg2 Bf6 25. f4 Ng4 26. Qg1 e5 27. Bf3 exf4
28. gxf4 Kh7 29. h3 Nh6 30. Qe3 h4 31. Nc6 Bxc6 32. R1xc6 Bd8 33. Ra7 Qxc6 34.
f5 g5 35. Qd3 Qc5 36. Rd7 Bb6 37. Qf1 Qe5 38. Be1 Rfd8 39. Rxd8 Rxd8 40. Qa6
Qc5 41. Qf1 f6 42. Kh1 Ra8 43. e5 Rxa2 44. exf6 Qe5 45. Bg2 Ra1 0-1

[Event "90416 9th Rakosmente Open"]
[Site "Budapest, Hungary"]
[Date "2014.01.25"]
[Round "2.2"]
[White "Suranyi, Pal"]
[Black "Kovacs, Marton"]
[Result "1/2-1/2"]
[WhiteElo "2115"]
[BlackElo "2145"]
[PlyCount "62"]
[EventDate "2014.??.??"]

1. d4 Nf6 2. Nf3 c5 3. d5 e6 4. c4 exd5 5. cxd5 d6 6. Nc3 g6 7. Qa4+ Bd7 8. Qb3
Qc7 9. Bf4 Nh5 10. Bg5 h6 11. Bh4 g5 12. Bg3 Nxg3 13. hxg3 Bg7 14. e3 a6 15.
Be2 b5 16. O-O O-O 17. Rac1 Bf5 18. Nd2 Qe7 19. g4 Bh7 20. a4 bxa4 21. Qxa4 Nd7
22. Nc4 Ne5 23. Nxe5 Qxe5 24. Rfd1 Rfb8 25. Rd2 Rb6 26. Nd1 Qe7 27. Ra1 Qb7 28.
Ra2 Bb1 29. Ra1 Bg6 30. Ra2 Be5 31. Nc3 Bg7 1/2-1/2

[Event "90416 9th Rakosmente Open"]
[Site "Budapest, Hungary"]
[Date "2014.01.25"]
[Round "2.3"]
[White "Kis, Bela"]
[Black "Polyik, Peter"]
[Result "1-0"]
[WhiteElo "2129"]
[BlackElo "1937"]
[PlyCount "43"]
[EventDate "2014.??.??"]

1. e4 c5 2. d4 cxd4 3. c3 dxc3 4. Nxc3 Nc6 5. Nf3 e6 6. Bc4 a6 7. O-O Nge7 8.
Bg5 Qc7 9. Nd5 Nxd5 10. exd5 Ne5 11. Bb3 Nxf3+ 12. Qxf3 Be7 13. Bxe7 Kxe7 14.
Rfd1 d6 15. Rac1 Qd8 16. dxe6 fxe6 17. Qg3 g6 18. Qh4+ Kf7 19. Qh6 Qb6 20. Rd3
Qb5 21. Rc7+ Bd7 22. Rxd6 1-0

[Event "90416 9th Rakosmente Open"]
[Site "Budapest, Hungary"]
[Date "2014.01.25"]
[Round "2.4"]
[White "Yip, Michael"]
[Black "Juhasz, Bela"]
[Result "1-0"]
[WhiteElo "2000"]
[BlackElo "2115"]
[PlyCount "63"]
[EventDate "2014.??.??"]

1. d4 Nf6 2. c4 e6 3. Nf3 Bb4+ 4. Bd2 a5 5. g3 O-O 6. Bg2 d6 7. O-O Bxd2 8.
Qxd2 Nc6 9. Nc3 Re8 10. Rfd1 h6 11. Rac1 e5 12. dxe5 Nxe5 13. Nxe5 Rxe5 14. e4
Bg4 15. f3 Bd7 16. f4 Rc5 17. Qd4 Qe7 18. b3 Re8 19. Nd5 Nxd5 20. cxd5 b6 21.
Rxc5 bxc5 22. Qc3 Ra8 23. a3 Qd8 24. e5 Bf5 25. h3 h5 26. Qf3 Rb8 27. Qxh5 Bc2
28. Rd2 g6 29. Qg4 Bxb3 30. f5 dxe5 31. fxg6 fxg6 32. Qe6+ 1-0

[Event "90416 9th Rakosmente Open"]
[Site "Budapest, Hungary"]
[Date "2014.01.25"]
[Round "2.5"]
[White "Karacsonyi, Gellert"]
[Black "Sulcz, Istvan"]
[Result "0-1"]
[WhiteElo "1824"]
[BlackElo "1906"]
[PlyCount "87"]
[EventDate "2014.??.??"]

1. e4 c5 2. Nf3 Nc6 3. d4 cxd4 4. Nxd4 e5 5. Nb5 d6 6. c4 a6 7. N5c3 Nf6 8. Bd3
Be7 9. O-O O-O 10. h3 Be6 11. f4 exf4 12. Nd2 Ne5 13. Be2 Ng6 14. Nf3 Rc8 15.
b3 b5 16. Nd4 b4 17. Nd5 Nxe4 18. Bxf4 Bxd5 19. cxd5 Nc3 20. Qd2 Bf6 21. Nc6
Rxc6 22. dxc6 Nxf4 23. Rxf4 Nxe2+ 24. Qxe2 Qb6+ 25. Kh1 Bxa1 26. Rc4 d5 27. Rc1
Bc3 28. a3 a5 29. axb4 axb4 30. Qf3 Qxc6 31. Rd1 Ra8 32. Rxd5 Ra1+ 33. Kh2 Qc7+
34. g3 Ra2+ 35. Kh1 g6 36. Qd3 Rd2 37. Qf3 Rxd5 38. Qxd5 Qxg3 39. Qd8+ Kg7 40.
Qd7 Be5 41. Qd2 Qxh3+ 42. Kg1 Qh2+ 43. Qxh2 Bxh2+ 44. Kxh2 0-1

[Event "90416 9th Rakosmente Open"]
[Site "Budapest, Hungary"]
[Date "2014.01.25"]
[Round "2.6"]
[White "Toth-Katona, Tamas"]
[Black "Abraham, Lajos"]
[Result "1-0"]
[WhiteElo "1897"]
[BlackElo "1795"]
[PlyCount "93"]
[EventDate "2014.??.??"]

1. e4 e5 2. Nc3 c6 3. d4 exd4 4. Qxd4 d6 5. Bf4 Qb6 6. Qxb6 axb6 7. O-O-O b5 8.
a3 Be6 9. Bxd6 Bxd6 10. Rxd6 b4 11. Nb1 Nf6 12. f3 Ke7 13. Rd1 bxa3 14. bxa3
Nbd7 15. Ne2 Ra5 16. Nd4 Rha8 17. Nxe6 fxe6 18. Be2 b5 19. Rd2 c5 20. Rhd1 c4
21. Rd6 R8a6 22. Rxa6 Rxa6 23. Nc3 Ra5 24. Kd2 Ne8 25. Rb1 Nc7 26. a4 bxa4 27.
Bxc4 Nc5 28. Nb5 Nxb5 29. Rxb5 Rxb5 30. Bxb5 Kd6 31. c3 Kc7 32. Kc2 Kb6 33. Bc4
e5 34. Kb2 g5 35. Ka3 h5 36. h4 g4 37. Bf7 gxf3 38. gxf3 Kb5 39. c4+ Ka5 40.
Bxh5 Nd3 41. Bg4 Kb6 42. Kxa4 Kc5 43. Kb3 Kd6 44. h5 Ke7 45. Kc3 Nc5 46. Kb4
Nd3+ 47. Kb5 1-0

[Event "90416 9th Rakosmente Open"]
[Site "Budapest, Hungary"]
[Date "2014.01.25"]
[Round "2.7"]
[White "Czimer, Jozsef"]
[Black "Horvath, Csaba"]
[Result "0-1"]
[WhiteElo "1728"]
[BlackElo "1869"]
[PlyCount "104"]
[EventDate "2014.??.??"]

1. Nf3 f5 2. c4 Nf6 3. Nc3 g6 4. d4 Bg7 5. b4 O-O 6. Bb2 d6 7. Qb3 c5 8. d5
cxb4 9. Qxb4 Na6 10. Qa3 Nc5 11. e3 f4 12. exf4 Qb6 13. Nd1 Bd7 14. Bd4 Nfe4
15. Bxg7 Kxg7 16. Qb2+ Qxb2 17. Nxb2 Rxf4 18. Nd3 Nxd3+ 19. Bxd3 Bg4 20. Be2
Nc3 21. Rc1 Nxa2 22. Rc2 Nb4 23. Rb2 a5 24. O-O Raf8 25. Ra1 b6 26. Rb3 Nc2 27.
Rd1 Bxf3 28. Bxf3 Nd4 29. Re3 Nxf3+ 30. gxf3 R8f7 31. Rc3 Rxf3 32. Rxf3 Rxf3
33. Rb1 Rc3 34. Rxb6 Rxc4 35. Rb7 Kf6 36. Ra7 Re4 37. h4 h5 38. Ra8 Kf7 39. Kg2
Rd4 40. Kg3 Rd3+ 41. f3 Rxd5 42. Ra7 Rc5 43. Ra8 d5 44. Ra6 d4 45. Kf4 d3 46.
Ke3 Rd5 47. Kd2 e6 48. Ra8 g5 49. hxg5 h4 50. Rh8 Rd4 51. Rh6 a4 52. f4 a3 0-1

[Event "90416 9th Rakosmente Open"]
[Site "Budapest, Hungary"]
[Date "2014.01.25"]
[Round "2.8"]
[White "Ladanyi, Gyula"]
[Black "Olle, Rebeka Sara"]
[Result "1/2-1/2"]
[WhiteElo "1852"]
[BlackElo "1545"]
[PlyCount "82"]
[EventDate "2014.??.??"]

1. d4 Nf6 2. c4 c5 3. d5 e6 4. Nc3 exd5 5. cxd5 d6 6. a4 Na6 7. e4 Nc7 8. f4 g6
9. Nf3 Bg7 10. Bd3 O-O 11. O-O Re8 12. Qc2 Na6 13. Na2 Bd7 14. Bd2 Rc8 15. Bxa6
bxa6 16. Nc3 Rb8 17. Rfe1 Qb6 18. Bc1 Re7 19. e5 dxe5 20. fxe5 Ng4 21. d6 Ree8
22. Nd5 Qb7 23. Ne7+ Rxe7 24. dxe7 Qb6 25. h3 Bf5 26. Qe2 c4+ 27. Be3 Nxe3 28.
Qxe3 Qxe3+ 29. Rxe3 Re8 30. g4 Bd3 31. Rae1 Rxe7 32. e6 Bxb2 33. exf7+ Rxf7 34.
Re8+ Kg7 35. Ne5 Bd4+ 36. Kg2 Rf2+ 37. Kg3 Be2 38. Nc6 Rf3+ 39. Kg2 Rf2+ 40.
Kg3 Rf3+ 41. Kg2 Rf2+ 1/2-1/2

[Event "90416 9th Rakosmente Open"]
[Site "Budapest, Hungary"]
[Date "2014.01.25"]
[Round "2.9"]
[White "Makrai, Bence"]
[Black "Szoukup, Istvan"]
[Result "0-1"]
[WhiteElo "1486"]
[BlackElo "1835"]
[PlyCount "96"]
[EventDate "2014.??.??"]

1. e4 e5 2. Nf3 Nc6 3. Bc4 Nf6 4. Nc3 Nxe4 5. Nxe4 d5 6. Bb5 dxe4 7. Nxe5 Qd5
8. Bxc6+ bxc6 9. d4 exd3 10. O-O dxc2 11. Qe2 Be6 12. Nd3 Rd8 13. Nf4 Qd1 14.
Be3 Qxe2 15. Nxe2 Bc4 16. Nc3 Bxf1 17. Kxf1 Bb4 18. Ke2 Bxc3 19. bxc3 Rb8 20.
Rc1 Rb2 21. Bxa7 Rxa2 22. Bc5 Kd7 23. Kd3 Ke6 24. Rxc2 Rxc2 25. Kxc2 g6 26. Be3
Kd5 27. Kd3 f5 28. Bf4 Rc8 29. Be3 c5 30. c4+ Kc6 31. Bf4 Rd8+ 32. Kc3 Rd4 33.
Be3 Re4 34. Kd3 Kb6 35. f3 Rxe3+ 36. Kxe3 Ka5 37. g4 Kb4 38. gxf5 gxf5 39. Kf4
Kxc4 40. Kxf5 Kd3 41. f4 c4 42. Ke6 c3 43. f5 c2 44. f6 c1=Q 45. f7 Qh6+ 46.
Ke7 Qxh2 47. Kf8 Qd6+ 48. Kg8 h5 0-1

[Event "90416 9th Rakosmente Open"]
[Site "Budapest, Hungary"]
[Date "2014.01.25"]
[Round "2.10"]
[White "Csiki, Endre"]
[Black "Czumbel, Peter"]
[Result "1/2-1/2"]
[WhiteElo "1418"]
[BlackElo "1612"]
[PlyCount "62"]
[EventDate "2014.??.??"]

1. d4 Nf6 2. Nf3 g6 3. Bf4 Bg7 4. e3 d6 5. c3 O-O 6. Be2 Nbd7 7. h3 Qe8 8. Nbd2
e5 9. Bh2 b6 10. Bb5 Bb7 11. dxe5 dxe5 12. Bxe5 c6 13. Bxf6 Nxf6 14. Be2 Rd8
15. O-O Ne4 16. Qc2 c5 17. a4 Nxd2 18. Nxd2 Qc6 19. Bf3 Qd7 20. Rfd1 Bxf3 21.
Nxf3 Qc6 22. a5 Qb5 23. axb6 axb6 24. Rd2 Ra8 25. Rad1 Ra2 26. Qb1 Qb3 27. Qc2
Qb5 28. Rb1 Qc4 29. Qd3 Qb3 30. Qc2 Qc4 31. Qd3 Qb3 1/2-1/2

[Event "90416 9th Rakosmente Open"]
[Site "Budapest, Hungary"]
[Date "2014.01.25"]
[Round "2.11"]
[White "Safar, Istvan"]
[Black "Novak, Levente Peter"]
[Result "1-0"]
[WhiteElo "1713"]
[BlackElo "1410"]
[PlyCount "57"]
[EventDate "2014.??.??"]

1. d4 d5 2. Nf3 Nc6 3. g3 Nf6 4. c3 Bf5 5. Nbd2 e6 6. Bg2 Bd6 7. O-O O-O 8. Re1
Nb8 9. Qb3 b6 10. Nh4 Be4 11. Nhf3 Bf5 12. Nh4 Be4 13. f3 Bg6 14. Nxg6 hxg6 15.
e4 Nh5 16. exd5 exd5 17. Qxd5 Nd7 18. f4 Rc8 19. Nf3 Ndf6 20. Qb3 c5 21. Be3
Re8 22. Ne5 Qc7 23. Qd1 Nd7 24. Bh3 Nhf6 25. Qa4 Rcd8 26. Rad1 Re7 27. Nc6 cxd4
28. Nxe7+ Bxe7 29. Bxd4 1-0

[Event "90416 9th Rakosmente Open"]
[Site "Budapest, Hungary"]
[Date "2014.01.25"]
[Round "2.14"]
[White "Demeter, Dorina"]
[Black "Csermely, Zoltan"]
[Result "1-0"]
[WhiteElo "1377"]
[BlackElo "1677"]
[PlyCount "109"]
[EventDate "2014.??.??"]

1. e4 c5 2. Nf3 d6 3. d4 cxd4 4. Nxd4 Nf6 5. Nc3 a6 6. Be2 b5 7. O-O Bb7 8. Bf3
e6 9. Re1 Nbd7 10. a4 b4 11. Na2 a5 12. c3 bxc3 13. Nxc3 Nc5 14. Ndb5 Bc6 15.
Bg5 Be7 16. Bxf6 gxf6 17. Qc2 Qb6 18. Rad1 Nb7 19. Qe2 O-O-O 20. Qe3 Nc5 21. b3
Kb7 22. Rb1 Na6 23. Nd4 Nb4 24. Nxc6 Nxc6 25. Qxb6+ Kxb6 26. Nb5 h5 27. h4 Ne5
28. Be2 f5 29. exf5 Bxh4 30. g3 Be7 31. fxe6 fxe6 32. Rbc1 d5 33. Nd4 Bb4 34.
Red1 Rd6 35. Nb5 Rd7 36. Nd4 Rd6 37. Nb5 Rdd8 38. Nd4 h4 39. Nxe6 Rdg8 40. Rxd5
hxg3 41. Rxe5 gxf2+ 42. Kxf2 Rh2+ 43. Ke3 Rg3+ 44. Kd4 Rh4+ 45. Re4 Rxe4+ 46.
Kxe4 Rxb3 47. Nd4 Rc3 48. Rf1 Bc5 49. Rf6+ Kb7 50. Rf7+ Kc8 51. Bg4+ Kd8 52.
Ne6+ Ke8 53. Rh7 Rc4+ 54. Kd5 Bd4 55. Bh5# 1-0

[Event "90416 9th Rakosmente Open"]
[Site "Budapest, Hungary"]
[Date "2014.01.25"]
[Round "3.1"]
[White "Keszi, Janos"]
[Black "Kis, Bela"]
[Result "1-0"]
[WhiteElo "2091"]
[BlackElo "2129"]
[PlyCount "71"]
[EventDate "2014.??.??"]

1. d4 Nf6 2. Nf3 g6 3. Bg5 Bg7 4. Nbd2 O-O 5. e3 c5 6. c3 b6 7. Be2 Bb7 8. O-O
d6 9. h3 Nbd7 10. Qc2 Qb8 11. a4 Rc8 12. Bh4 cxd4 13. exd4 e5 14. Rfe1 Nd5 15.
Bb5 Nf8 16. dxe5 dxe5 17. Bg3 Nf4 18. Bxf4 exf4 19. Re2 Bd5 20. Rae1 h6 21. Ba6
Rd8 22. Bc4 Qd6 23. Qb3 Rac8 24. Bxd5 Qxd5 25. Re7 Qf5 26. Rxa7 Ne6 27. Ne4 Rd3
28. Nh2 Rcd8 29. f3 Nd4 30. Qxb6 Nc2 31. Rf1 Ne3 32. Qb5 Nxf1 33. Nxf1 Qe6 34.
Ra8 Rc8 35. Qxd3 Rxa8 36. a5 1-0

[Event "90416 9th Rakosmente Open"]
[Site "Budapest, Hungary"]
[Date "2014.01.25"]
[Round "3.2"]
[White "Kovacs, Marton"]
[Black "Yip, Michael"]
[Result "1-0"]
[WhiteElo "2145"]
[BlackElo "2000"]
[PlyCount "23"]
[EventDate "2014.??.??"]

1. d4 d6 2. Nf3 Nf6 3. Bf4 g6 4. Nc3 Bg7 5. Qd2 h6 6. e4 Nh5 7. Be3 Nd7 8.
O-O-O c6 9. e5 e6 10. g4 dxe5 11. gxh5 exd4 12. Bxd4 1-0

[Event "90416 9th Rakosmente Open"]
[Site "Budapest, Hungary"]
[Date "2014.01.25"]
[Round "3.3"]
[White "Suranyi, Pal"]
[Black "Xiao Hu, Chen"]
[Result "1-0"]
[WhiteElo "2115"]
[BlackElo "1456"]
[PlyCount "47"]
[EventDate "2014.??.??"]

1. d4 Nf6 2. Nf3 g6 3. c4 Bg7 4. Nc3 d5 5. cxd5 Nxd5 6. Bd2 Bg4 7. Ne5 Nf6 8.
Nxg4 Nxg4 9. e4 Nf6 10. Be3 e5 11. dxe5 Qxd1+ 12. Rxd1 Ng4 13. Bd4 Bxe5 14.
Bxe5 Nxe5 15. Nd5 O-O 16. Nxc7 Nbc6 17. Nxa8 Rxa8 18. f4 Ng4 19. Ke2 Re8 20.
Kf3 f5 21. h3 Nf6 22. e5 Ne4 23. Bb5 Re6 24. Bc4 1-0